Online Catalogue and eLibrary

Samaja viddyawa : (Record no. 969)

MARC details
000 -LEADER
fixed length control field 00406nam a2200157Ia 4500
005 - DATE AND TIME OF LATEST TRANSACTION
control field 20250516032943.0
008 - FIXED-LENGTH DATA ELEMENTS--GENERAL INFORMATION
fixed length control field 240331s9999 xx 000 0 und d
020 ## - INTERNATIONAL STANDARD BOOK NUMBER
ISBN 9555530785
082 ## - DDC Classification
Class No. 300
Item Number - Author Mark AMA
100 ## - MAIN ENTRY--PERSONAL NAME
Personal name Amarasekara, D
245 #0 - TITLE STATEMENT
Title Samaja viddyawa :
Remainder of title saralashastriya lipi
260 ## - PUBLICATION, DISTRIBUTION, ETC.
Place of publication, distribution, etc. Varakapola
Name of publisher, distributor, etc. Ariya Publishers
Date of publication, distribution, etc. 1995
300 ## - PHYSICAL DESCRIPTION
Extent (e.g. Volumes, Pages etc.) 168 p .,
500 ## - GENERAL NOTE
General note Books on Social Science
942 ## - Koha item type (Biblio)
Koha item type Books in Stacks (Lending)
Holdings
Lost status Damaged status Collection code Home library Current library Shelving location Date acquired Full call number Accession Number Item type
    Lending WERC Library WERC Library Social Science Cupboard 03/31/2024 300 AMA 3827 Books in Stacks (Lending)

© WERC Library